|
|
|
|
| LEADER |
00672nab a2200181 i 4500 |
| 001 |
misc200 |
| 005 |
20191106144232.0 |
| 008 |
170607s1897 hu o 0|| hun d |
| 040 |
|
|
|a SZTE Miscellanea Repozitórium
|b hun
|
| 041 |
|
|
|a hun
|
| 100 |
1 |
|
|a P. J.
|
| 245 |
1 |
0 |
|a Utasitás [utasítás!] II. Rákóczi Ferenc fejedelem sörházainak felügyelője részére
|h [elektronikus dokumentum] /
|c P. J.
|
| 260 |
|
|
|c 1897
|
| 300 |
|
|
|a 260-261
|
| 490 |
0 |
|
|a Magyar gazdaságtörténelmi szemle
|v 4
|
| 695 |
|
|
|a Közgazdaságtudomány, Gazdaságtörténet
|
| 700 |
0 |
1 |
|a Rákóczi Ferenc
|e aut
|
| 856 |
4 |
0 |
|u http://misc.bibl.u-szeged.hu/200/1/gazd_tort_szeml_1897_260-261.pdf
|z Dokumentum-elérés
|